Statistics for Guess the fruits

Click here to take the quiz!

General Stats

  • This quiz has been taken 21 times
  • The average score is 13 of 16

Answer Stats

Answer% Correct
banana
100%
blackberry
100%
kiwi
100%
orange
100%
apple
95%
pineapple
95%
pomegranate
95%
raspberry
95%
lime
89%
lemon
84%
dragonfruit
79%
watermelon
79%
passionfruit
74%
guava
63%
durian
53%
date
32%

Score Distribution

Percentile by Number Answered

Percent of People with Each Score

Your Score History

You have not taken this quiz